[Event "Radenci op"]
[Site "Radenci"]
[Date "1998.??.??"]
[Round "?"]
[White "Zupe, Miran"]
[Black "Kosec, Tina"]
[Result "1/2-1/2"]
[WhiteElo "2410"]
[BlackElo "2055"]
[PlyCount "63"]
[EventDate "1998.??.??"]
[EventType "swiss"]
[EventRounds "9"]
[EventCountry "SLO"]
[SourceTitle "EXT 1999"]
[Source "ChessBase"]
[SourceDate "1998.11.16"]
[SourceVersion "1"]
[SourceVersionDate "1998.11.16"]
[SourceQuality "1"]

1. e4 c5 2. Nf3 Nc6 3. d4 cxd4 4. Nxd4 g6 5. c4 Nf6 6. Nc3 d6 7. Be2 Nxd4 8. Qxd4 Bg7 9. Bg5 0-0 10. Qd2 Be6 11. Rc1 Qa5 12. 0-0 Rac8 13. b3 a6 14. f3 Rfe8 15. Be3 Nd7 16. f4 Nc5 17. Bd4 Nxe4 18. Qe3 Nxc3 19. Rxc3 Bxd4 20. Qxd4 Qc5 21. Qxc5 Rxc5 22. Re3 Bd7 23. Rd1 Rc7 24. a4 Bc6 25. Kf2 b6 26. h4 Kg7 27. h5 h6 28. Rg3 Be4 29. Re3 Bc6 30. Rg3 Be4 31. Re3 Bc6 32. Rg3 1/2-1/2

[Event "SLO-chT 06th"]
[Site "Bled"]
[Date "1996.??.??"]
[Round "1"]
[White "Kosec, Tina"]
[Black "Krivec, Jana"]
[Result "1-0"]
[WhiteElo "2085"]
[BlackElo "2045"]
[PlyCount "62"]
[EventDate "1996.??.??"]
[EventType "team-tourn"]
[EventRounds "7"]
[EventCountry "SLO"]
[SourceTitle "CBM 055 Extra"]
[Source "ChessBase"]
[SourceDate "1997.01.01"]
[SourceVersion "1"]
[SourceVersionDate "1997.01.01"]
[SourceQuality "1"]
[WhiteTeam "Ljubljana LSK"]
[BlackTeam "Nova Gorica"]
[WhiteTeamCountry "SLO"]
[BlackTeamCountry "SLO"]

1. e4 e5 2. Nf3 Nc6 3. Bb5 a6 4. Ba4 Nf6 5. d4 exd4 6. 0-0 Be7 7. Re1 b5 8. e5 Nd5 9. Bb3 Nb6 10. c3 dxc3 11. Nxc3 0-0 12. Bf4 d6 13. Nd5 dxe5 14. Nxe7+ Qxe7 15. Nxe5 Nxe5 16. Bxe5 Qg5 17. Qc1 Qg6 18. Qxc7 Bh3 19. Bg3 Bf5 20. Rad1 Rac8 21. Qd6 a5 22. Qe5 Nc4 23. Qxb5 Nxb2 24. Rd6 Qh5 25. Rd2 a4 26. Bc2 Nc4 27. Rd5 g6 28. Bxf5 gxf5 29. Rxf5 Qh6 30. Rh5 Qd2 31. Rf1 h6 1-0

[Event "SLO-chT 06th"]
[Site "Bled"]
[Date "1996.??.??"]
[Round "3"]
[White "Kosec, Tina"]
[Black "Mihelic, S."]
[Result "1/2-1/2"]
[WhiteElo "2085"]
[BlackElo "1700"]
[PlyCount "49"]
[EventDate "1996.??.??"]
[EventType "team-tourn"]
[EventRounds "7"]
[EventCountry "SLO"]
[SourceTitle "CBM 055 Extra"]
[Source "ChessBase"]
[SourceDate "1997.01.01"]
[SourceVersion "1"]
[SourceVersionDate "1997.01.01"]
[SourceQuality "1"]
[WhiteTeam "Ljubljana LSK"]
[BlackTeam "Krsko Triglav"]
[WhiteTeamCountry "SLO"]
[BlackTeamCountry "SLO"]

1. e4 c6 2. d4 d5 3. Nd2 dxe4 4. Nxe4 Bf5 5. Ng3 Bg6 6. h4 h6 7. Nf3 Nd7 8. h5 Bh7 9. Bd3 Bxd3 10. Qxd3 Qb6 11. a4 a5 12. c3 e6 13. 0-0 Ngf6 14. Re1 Qc7 15. c4 Bb4 16. Bd2 Bxd2 17. Qxd2 0-0 18. Ne5 Rfd8 19. Qe2 Nxe5 20. dxe5 Nd7 21. Qe3 Qb6 22. Rad1 Qxe3 23. Rxe3 Nc5 24. Rxd8+ Rxd8 25. b3 1/2-1/2

[Event "SLO-ch (Women)"]
[Site "Slovenia"]
[Date "1996.??.??"]
[Round "?"]
[White "Kosec, Tina"]
[Black "Stevanec, Lea"]
[Result "0-1"]
[WhiteElo "2085"]
[BlackElo "2040"]
[PlyCount "74"]
[EventDate "1996.??.??"]
[EventType "swiss"]
[EventRounds "9"]
[EventCountry "SLO"]
[SourceTitle "EXT 1997"]
[Source "ChessBase"]
[SourceDate "1996.11.15"]
[SourceVersion "1"]
[SourceVersionDate "1996.11.15"]
[SourceQuality "1"]

1. e4 c5 2. Nc3 Nc6 3. f4 e6 4. Nf3 d6 5. Bc4 Be7 6. 0-0 Na5 7. Bb5+ Bd7 8. Bxd7+ Qxd7 9. d3 g6 10. Qe1 Nc6 11. f5 0-0-0 12. fxe6 fxe6 13. Bg5 h6 14. Bxe7 Ngxe7 15. Ne2 g5 16. Rd1 d5 17. Ng3 Ng6 18. c3 g4 19. Nd2 h5 20. exd5 exd5 21. Qf2 h4 22. Ne2 Rde8 23. Nc1 g3 24. Qf5 gxh2+ 25. Kxh2 Re6 26. Rde1 Rhe8 27. Nf3 Nce5 28. Ng5 Ng4+ 29. Qxg4 Rxe1 30. Qxd7+ Kxd7 31. Rf7+ R8e7 32. Rxe7+ Kxe7 33. Nb3 b6 34. Kh3 Re3+ 35. Kg4 Rg3+ 36. Kf5 Rxg2 37. d4 Rxg5+ 0-1

[Event "SLO-ch (Women)"]
[Site "Slovenia"]
[Date "1996.??.??"]
[Round "?"]
[White "Kosir, Pavla"]
[Black "Kosec, Tina"]
[Result "0-1"]
[WhiteElo "2005"]
[BlackElo "2085"]
[PlyCount "64"]
[EventDate "1996.??.??"]
[EventType "swiss"]
[EventRounds "9"]
[EventCountry "SLO"]
[SourceTitle "EXT 1997"]
[Source "ChessBase"]
[SourceDate "1996.11.15"]
[SourceVersion "1"]
[SourceVersionDate "1996.11.15"]
[SourceQuality "1"]

1. d4 g6 2. e4 Bg7 3. Be3 d6 4. Bd3 Nd7 5. c3 e5 6. Ne2 Ne7 7. Ng3 0-0 8. Qc2 d5 9. 0-0 h6 10. f4 dxe4 11. Bxe4 f5 12. Qb3+ Kh7 13. Bc2 e4 14. Nd2 Nf6 15. Rfe1 Ng4 16. Ngf1 Nd5 17. g3 c5 18. Rad1 Ngxe3 19. Nxe3 Nxe3 20. Rxe3 cxd4 21. Nc4 Be6 22. Qb4 Qc7 23. cxd4 Qxc4 24. Qxc4 Bxc4 25. b3 Bd5 26. Kf2 Rac8 27. Bb1 Rc6 28. a4 Rfc8 29. Rd2 Rc1 30. Ba2 R8c2 31. Ree2 Rxd2 32. Rxd2 Rc3 0-1

[Event "SLO-chT 06th"]
[Site "Bled"]
[Date "1996.??.??"]
[Round "2"]
[White "Sorli, Maja"]
[Black "Kosec, Tina"]
[Result "0-1"]
[WhiteElo "1885"]
[BlackElo "2085"]
[PlyCount "50"]
[EventDate "1996.??.??"]
[EventType "team-tourn"]
[EventRounds "7"]
[EventCountry "SLO"]
[SourceTitle "CBM 055 Extra"]
[Source "ChessBase"]
[SourceDate "1997.01.01"]
[SourceVersion "1"]
[SourceVersionDate "1997.01.01"]
[SourceQuality "1"]
[WhiteTeam "Kranj Tomo Zupan"]
[BlackTeam "Ljubljana LSK"]
[WhiteTeamCountry "SLO"]
[BlackTeamCountry "SLO"]

1. e4 c5 2. Nf3 Nc6 3. Bb5 g6 4. Bxc6 dxc6 5. d3 Bg7 6. Nc3 Nf6 7. Be3 b6 8. h3 Qc7 9. Nd2 e5 10. g3 Nh5 11. Ne2 Be6 12. Qc1 h6 13. f4 Nxg3 14. Nxg3 exf4 15. c3 fxg3 16. Nf3 g2 17. Rh2 Qg3+ 18. Ke2 Bxh3 19. Bf2 Qg4 20. Qe3 h5 21. Qg5 Qxg5 22. Nxg5 Bg4+ 23. Nf3 0-0-0 24. Rd1 f5 25. Rxg2 fxe4 0-1

[Event "SLO-chT 06th"]
[Site "Bled"]
[Date "1996.??.??"]
[Round "7"]
[White "Vospernik, Mira"]
[Black "Kosec, Tina"]
[Result "1-0"]
[WhiteElo "2120"]
[BlackElo "2085"]
[PlyCount "59"]
[EventDate "1996.??.??"]
[EventType "team-tourn"]
[EventRounds "7"]
[EventCountry "SLO"]
[SourceTitle "CBM 055 Extra"]
[Source "ChessBase"]
[SourceDate "1997.01.01"]
[SourceVersion "1"]
[SourceVersionDate "1997.01.01"]
[SourceQuality "1"]
[WhiteTeam "Maribor SK Piramida"]
[BlackTeam "Ljubljana LSK"]
[WhiteTeamCountry "SLO"]
[BlackTeamCountry "SLO"]

1. Nf3 g6 2. d4 Bg7 3. c4 d6 4. Nc3 Nd7 5. e4 e5 6. d5 Ne7 7. g4 0-0 8. Rg1 h6 9. Be3 Kh7 10. Qc2 a5 11. b3 b6 12. Be2 Nc5 13. Nd2 Kh8 14. 0-0-0 f5 15. exf5 gxf5 16. f3 Bd7 17. Rg2 Be8 18. gxf5 Nxf5 19. Bxc5 bxc5 20. Qe4 Qf6 21. Bd3 Bd7 22. Rdg1 Rf7 23. Nf1 Raf8 24. Ne3 Qh4 25. Nxf5 Qxe4 26. fxe4 Bxf5 27. exf5 Bf6 28. Ne4 Bh4 29. Rg4 Be7 30. Rg6 1-0

[Event "Decin op"]
[Site "Decin"]
[Date "1995.??.??"]
[Round "8"]
[White "Kosec, Tina"]
[Black "Hlavac, Rudolf"]
[Result "1/2-1/2"]
[WhiteElo "2120"]
[BlackElo "2140"]
[PlyCount "104"]
[EventDate "1995.??.??"]
[EventType "swiss"]
[EventRounds "9"]
[EventCountry "CZE"]
[SourceTitle "EXT 1997"]
[Source "ChessBase"]
[SourceDate "1996.11.15"]
[SourceVersion "1"]
[SourceVersionDate "1996.11.15"]
[SourceQuality "1"]

1. e4 c5 2. Nc3 Nc6 3. f4 g6 4. Nf3 Bg7 5. Bc4 d6 6. 0-0 e6 7. d3 Nge7 8. Qe1 h6 9. Bd2 a6 10. Bb3 0-0 11. Nd1 Nd4 12. Nxd4 cxd4 13. Kh1 d5 14. e5 f6 15. Nf2 fxe5 16. fxe5 Nc6 17. Ng4 Rxf1+ 18. Qxf1 Nxe5 19. Nxh6+ Bxh6 20. Bxh6 Ng4 21. Bf4 Bd7 22. Qe2 Qh4 23. Bg3 Qg5 24. Rf1 Rf8 25. Rxf8+ Kxf8 26. Qf1+ Kg7 27. Qf4 Qxf4 28. Bxf4 Kf6 29. h3 Kf5 30. Bd6 Ne3 31. Bc5 e5 32. Kg1 Bc6 33. c3 b5 34. Kf2 a5 35. cxd4 a4 36. Bxa4 Nxg2 37. Bd1 Nf4 38. Bg4+ Kf6 39. dxe5+ Kxe5 40. Ke3 Ng2+ 41. Kd2 d4 42. Bf8 Ne3 43. Bg7+ Kf4 44. Bh6+ g5 45. Be6 Nf5 46. Bxf5 Kxf5 47. Bg7 Bg2 48. Bxd4 Bxh3 49. Kc3 Bf1 50. b3 Ke6 51. a4 bxa4 52. bxa4 Kd5 1/2-1/2

[Event "Bled op-B"]
[Site "Bled"]
[Date "1995.??.??"]
[Round "4"]
[White "Kosec, Tina"]
[Black "Sebenik, Matej"]
[Result "1/2-1/2"]
[WhiteElo "2120"]
[BlackElo "1815"]
[PlyCount "60"]
[EventDate "1995.03.??"]
[EventType "swiss"]
[EventRounds "9"]
[EventCountry "SLO"]
[SourceTitle "EXT 1997"]
[Source "ChessBase"]
[SourceDate "1996.11.15"]
[SourceVersion "1"]
[SourceVersionDate "1996.11.15"]
[SourceQuality "1"]

1. e4 e5 2. Nf3 Nc6 3. Bb5 a6 4. Ba4 Nf6 5. d4 exd4 6. 0-0 Be7 7. e5 Ne4 8. Nxd4 Nxd4 9. Qxd4 Nc5 10. Nc3 0-0 11. Qe3 f6 12. Bb3+ Nxb3 13. axb3 d5 14. exd6 Bxd6 15. Qf3 Qd7 16. Bf4 Qf5 17. Bxd6 Qxf3 18. gxf3 cxd6 19. Rfd1 Bf5 20. Ne4 Bxe4 21. fxe4 Rae8 22. Ra4 f5 23. Rb4 fxe4 24. Rxb7 Rf6 25. Rd7 Ref8 26. Re1 Re6 27. Re3 Rf5 28. Rc3 h6 29. Rg3 g6 30. Rc3 Rf7 1/2-1/2

[Event "Decin op"]
[Site "Decin"]
[Date "1995.??.??"]
[Round "1"]
[White "Krivoshey, Sergei"]
[Black "Kosec, Tina"]
[Result "1-0"]
[WhiteElo "2420"]
[BlackElo "2120"]
[PlyCount "41"]
[EventDate "1995.??.??"]
[EventType "swiss"]
[EventRounds "9"]
[EventCountry "CZE"]
[SourceTitle "EXT 1997"]
[Source "ChessBase"]
[SourceDate "1996.11.15"]
[SourceVersion "1"]
[SourceVersionDate "1996.11.15"]
[SourceQuality "1"]

1. Nf3 g6 2. d4 Bg7 3. c4 d6 4. Nc3 Nd7 5. e4 e5 6. Be3 Ne7 7. h4 h6 8. dxe5 Nxe5 9. Nxe5 Bxe5 10. Qd2 Bg7 11. 0-0-0 Be6 12. h5 g5 13. Bd4 Be5 14. Bxe5 dxe5 15. Qe3 Qc8 16. Qf3 f5 17. exf5 0-0 18. g4 Nc6 19. Qe4 Bf7 20. Bd3 Nb4 21. Bb1 1-0

[Event "SLO-chT"]
[Site "Slovenia"]
[Date "1995.??.??"]
[Round "1"]
[White "Maric, Katarina"]
[Black "Kosec, Tina"]
[Result "0-1"]
[WhiteElo "2015"]
[BlackElo "2120"]
[PlyCount "139"]
[EventDate "1995.??.??"]
[EventType "team"]
[EventRounds "7"]
[EventCountry "SLO"]
[SourceTitle "EXT 1998"]
[Source "ChessBase"]
[SourceDate "1997.11.17"]
[SourceVersion "1"]
[SourceVersionDate "1997.11.17"]
[SourceQuality "1"]

1. e4 c5 2. Nc3 Nc6 3. g3 g6 4. Bg2 Bg7 5. d3 d6 6. f4 e5 7. Nh3 Nge7 8. 0-0 0-0 9. f5 f6 10. g4 Nd4 11. Nf2 Rb8 12. Nb1 b5 13. c3 Ndc6 14. Be3 Qc7 15. Nd2 Nd8 16. Nh1 Nf7 17. Ng3 Bb7 18. Nf3 d5 19. Bf2 Nd6 20. Qe2 c4 21. Nd2 a6 22. fxg6 hxg6 23. Rad1 Rbd8 24. d4 Nf7 25. Qe1 Qc8 26. h3 Qa8 27. h4 Qc8 28. Qe2 Bc6 29. Kh2 Bd7 30. Bf3 Nh6 31. exd5 Nxg4+ 32. Kg1 Nxf2 33. Qxf2 Bg4 34. Nde4 Bxf3 35. Qxf3 f5 36. Ng5 e4 37. Qe2 Nxd5 38. h5 Qc6 39. Rde1 Rde8 40. Qh2 gxh5 41. Qxh5 Qh6 42. Re2 Qxh5 43. Nxh5 Bh6 44. Nh3 Kh7 45. N3f4 Rg8+ 46. Kh1 Bxf4 47. Nxf4 Nxf4 48. Rxf4 Rg5 49. Rh4+ Kg6 50. a3 Rg8 51. Reh2 Kf6 52. Re2 Rg4 53. Rh6+ R8g6 54. Rh5 Rg1+ 55. Kh2 R1g5 56. Rh4 Kg7 57. Kh3 Rh6 58. Rxh6 Kxh6 59. Re3 Rg4 60. Re2 Kg5 61. d5 Rh4+ 62. Kg2 Kf4 63. d6 Rh7 64. Rd2 Rd7 65. Rd5 Ke3 66. Rxf5 Rxd6 67. Rf7 Rd2+ 68. Kf1 Rxb2 69. Rf6 Rb1+ 70. Kg2 0-1

[Event "SLO-ch (Women)"]
[Site "Ljubljana"]
[Date "1995.??.??"]
[Round "?"]
[White "Riznar, Helena"]
[Black "Kosec, Tina"]
[Result "1/2-1/2"]
[WhiteElo "1920"]
[BlackElo "2120"]
[PlyCount "54"]
[EventDate "1995.??.??"]
[EventType "tourn"]
[EventRounds "9"]
[EventCountry "SLO"]
[SourceTitle "EXT 1997"]
[Source "ChessBase"]
[SourceDate "1996.11.15"]
[SourceVersion "1"]
[SourceVersionDate "1996.11.15"]
[SourceQuality "1"]

1. e4 c5 2. c3 e6 3. d4 d5 4. exd5 exd5 5. Nf3 Nf6 6. Bg5 Be7 7. Bxf6 Bxf6 8. Bb5+ Bd7 9. Qe2+ Qe7 10. Bxd7+ Nxd7 11. Qxe7+ Bxe7 12. dxc5 Nxc5 13. 0-0 0-0 14. Nbd2 Bf6 15. Rfd1 Rad8 16. Nf1 Ne6 17. Ne3 d4 18. Ng4 dxc3 19. Nxf6+ gxf6 20. bxc3 Rxd1+ 21. Rxd1 Rc8 22. Rc1 Nf4 23. Kf1 Nd5 24. c4 Rc5 25. Ke2 b5 26. Nd2 Nb6 27. Kd3 Kf8 1/2-1/2

[Event "SLO-ch (Women)"]
[Site "Slovenia"]
[Date "1992.??.??"]
[Round "?"]
[White "Ankerst, Milka"]
[Black "Kosec, Tina"]
[Result "1/2-1/2"]
[WhiteElo "2155"]
[BlackElo "2000"]
[PlyCount "121"]
[EventDate "1992.??.??"]
[EventType "swiss"]
[EventRounds "9"]
[EventCountry "SLO"]
[SourceTitle "TD"]
[Source "ChessBase"]
[SourceDate "1994.03.01"]
[SourceVersion "1"]
[SourceVersionDate "1994.03.01"]
[SourceQuality "1"]

1. e4 c5 2. Nf3 Nc6 3. d4 cxd4 4. Nxd4 g6 5. Nc3 Bg7 6. Be3 Nf6 7. Bc4 0-0 8. Bb3 a5 9. f3 d5 10. exd5 Nb4 11. Nde2 a4 12. Nxa4 Nfxd5 13. Bf2 b5 14. Nac3 Nxc3 15. bxc3 Qxd1+ 16. Rxd1 Nxa2 17. Bd4 b4 18. cxb4 Nxb4 19. Bc5 Nc6 20. 0-0 Ra5 21. Bb6 Ra6 22. Be3 Na5 23. Nf4 Nxb3 24. cxb3 Be6 25. Nxe6 Rxe6 26. Kf2 Rb8 27. Rd3 Rc6 28. Rc1 Rxc1 29. Bxc1 Be5 30. Ba3 Bd6 31. Bxd6 exd6 32. Ke2 Kf8 33. Re3 Rb5 34. Kd2 h5 35. g3 Rc5 36. b4 Rc8 37. Kd3 Rc1 38. b5 Kg7 39. Kd4 Kf8 40. Rb3 Rd1+ 41. Kc4 Rc1+ 42. Kd5 Ke7 43. b6 Rc5+ 44. Kd4 Rc8 45. Rb5 Kd7 46. Kd5 Rb8 47. f4 Rb7 48. h4 Rb8 49. f5 gxf5 50. b7 Kc7 51. Rb3 Kd7 52. Rb5 Kc7 53. Kc4 Rxb7 54. Rxf5 Kc6 55. Rxh5 Rb1 56. Rg5 Rh1 57. h5 Rh3 58. Kd4 f6 59. Rf5 Rxg3 60. Rxf6 Rg4+ 61. Kd3 1/2-1/2

[Event "SLO-ch (Women)"]
[Site "Slovenia"]
[Date "1992.??.??"]
[Round "?"]
[White "Kosec, Tina"]
[Black "Zavec, Me"]
[Result "1-0"]
[WhiteElo "2000"]
[BlackElo "1700"]
[PlyCount "45"]
[EventDate "1992.??.??"]
[EventType "swiss"]
[EventRounds "9"]
[EventCountry "SLO"]
[SourceTitle "TD"]
[Source "ChessBase"]
[SourceDate "1994.03.01"]
[SourceVersion "1"]
[SourceVersionDate "1994.03.01"]
[SourceQuality "1"]

1. e4 c6 2. d4 d5 3. Nd2 dxe4 4. Nxe4 Nd7 5. Ng5 Ngf6 6. Bc4 e6 7. Qe2 Nb6 8. Bb3 Be7 9. N1f3 h6 10. Ne4 Nxe4 11. Qxe4 c5 12. c3 cxd4 13. Nxd4 Bf6 14. Be3 g6 15. 0-0-0 Qe7 16. Nb5 Bg5 17. f4 f5 18. Qd3 Bf6 19. Rhe1 0-0 20. Nxa7 Rxa7 21. Bxb6 Ra6 22. Qe3 Re8 23. Bc4 1-0